El papel del contador público en la detención y prevención del lavado de activo / (Registro nro. 49065)

Detalles MARC
000 -LEADER
fixed length control field 02416nam a2200277 i 4500
005 - DATE AND TIME OF LATEST TRANSACTION
control field 20250626211118.0
007 - PHYSICAL DESCRIPTION FIXED FIELD--GENERAL INFORMATION
fixed length control field ta
008 - FIXED-LENGTH DATA ELEMENTS--GENERAL INFORMATION
fixed length control field 200622s2025 000 0 eng d
040 ## - CATALOGING SOURCE
Original cataloging agency CO-CtgCURN
Language of cataloging spa
Transcribing agency coctgcurn
Description conventions rda
082 0# - DEWEY DECIMAL CLASSIFICATION NUMBER
Classification number COP 2025
Item number N682
100 1# - MAIN ENTRY--PERSONAL NAME
Personal name Nieves García, Neyder Luis,
Relator term author.
Relationship aut
245 13 - TITLE STATEMENT
Title El papel del contador público en la detención y prevención del lavado de activo /
Statement of responsibility, etc. Neyder Luis Nieves García; Suanis del Carmen Sayas Arrieta; Asesor: Hernando Aguirre.
260 ## - PUBLICATION, DISTRIBUTION, ETC.
Place of publication, distribution, etc. Cartagena de Indias :
Name of publisher, distributor, etc. Corporación Universitaria Rafael Núñez,
Date of publication, distribution, etc. 2025.
300 ## - PHYSICAL DESCRIPTION
Extent 60 hojas.
336 ## - CONTENT TYPE
Content type term text
Content type code txt
Source rdacontent
337 ## - MEDIA TYPE
Media type term unmediated
Media type code n
Source rdamedia
338 ## - CARRIER TYPE
Carrier type term volume
Carrier type code nc
Source rdacarrier
502 ## - DISSERTATION NOTE
Dissertation note Trabajo de grado (Contador público). Corporación Universitaria Rafael Núñez. Facultad de Ciencias Administrativas y Contables. Programa de Contaduría Pública, 2025.
520 8# - SUMMARY, ETC.
Summary, etc. "El lavado de activos representa una de las mayores amenazas para la estabilidad económica y social, al permitir que recursos provenientes de actividades ilícitas, como el narcotráfico, la corrupción y la financiación del terrorismo, se integren al sistema financiero con apariencia de legalidad. En Colombia, este delito cobra especial relevancia debido a factores históricos como el conflicto armado, la presencia de economías ilegales y las vulnerabilidades del sistema financiero, que facilitan la proliferación de estas prácticas. Según la Unidad de Información y Análisis Financiero (UIAF), los reportes de operaciones sospechosas en el país aumentaron un 12% entre 2019 y 2024, evidenciando la urgencia de fortalecer los mecanismos de prevención y detección. Este proceso, que se desarrolla en tres etapas (colocación, estratificación e integración), no solo distorsiona los mercados, sino que también debilita la confianza en las instituciones, afectando el desarrollo sostenible y la seguridad ciudadana. "
650 #0 - SUBJECT ADDED ENTRY--TOPICAL TERM
Topical term or geographic name entry element Contaduría pública
General subdivision Tesis y disertaciones académicas.
700 1# - ADDED ENTRY--PERSONAL NAME
Personal name Sayas Arrieta, Suanis del Carmen.
700 1# - ADDED ENTRY--PERSONAL NAME
Personal name Aguirre, Hernando,
Relator term asesor.
856 7# - ELECTRONIC LOCATION AND ACCESS
Uniform Resource Identifier <a href="https://unicurn.sharepoint.com/:b:/s/biblioteca/Eab9RjhBbEZDgONwofbPLXwB5tQrTgUNINhE8ukXxiKAhA?e=rDlw1P">https://unicurn.sharepoint.com/:b:/s/biblioteca/Eab9RjhBbEZDgONwofbPLXwB5tQrTgUNINhE8ukXxiKAhA?e=rDlw1P</a>
Public note Click para ver el recurso en texto completo
942 ## - ADDED ENTRY ELEMENTS (KOHA)
Source of classification or shelving scheme Dewey Decimal Classification
Institution code [OBSOLETE] MHC
-- MHC
Koha item type Trabajos de grado
Classification part COP 2025
Item part N682
Existencias
Withdrawn status Lost status Source of classification or shelving scheme Damaged status Not for loan Collection Home library Current library Shelving location Date acquired Total checkouts Full call number Barcode Date last seen Price effective from Koha item type
    Dewey Decimal Classification     Trabajos de grado Miguel Henríquez Castañeda Miguel Henríquez Castañeda Trabajo de grado 06/26/2025   COP 2025 N682 025575 06/26/2025 06/26/2025 Trabajos de grado